نورمبین صلی اللہ علیہ و آلہ وسلم کےسات انوار (Record no. 553770)
[ view plain ]
| 000 -LEADER | |
|---|---|
| fixed length control field | 00485nam a22001337a 4500 |
| 082 ## - DEWEY DECIMAL CLASSIFICATION NUMBER | |
| Classification number | 297.93 |
| Author Mark | NOO |
| -- | L-31-II, P-93 |
| 100 ## - MAIN ENTRY--PERSONAL NAME | |
| Personal name | Bilgrami, Dr Hamid Hassan |
| 9 (RLIN) | 51031 |
| 245 ## - TITLE STATEMENT | |
| Title | نورمبین صلی اللہ علیہ و آلہ وسلم کےسات انوار |
| Remainder of title | ابتداےآفرنیش سے مقام محمودتک |
| 260 ## - PUBLICATION, DISTRIBUTION, ETC. | |
| Place of publication, distribution, etc. | Karachi, |
| Name of publisher, distributor, etc. | Hassan Akhtar Associate, |
| Date of publication, distribution, etc. | 1992. |
| 300 ## - PHYSICAL DESCRIPTION | |
| Extent | 800p. |
| Dimensions | 26cm. |
| 500 ## - GENERAL NOTE | |
| General note | MCE |
| 526 ## - STUDY PROGRAM INFORMATION NOTE | |
| Program name | 0 |
| Interest level | 0 |
| Reading level | 0 |
| Title point value | 297_930000000000000_NOO |
| 942 ## - ADDED ENTRY ELEMENTS (KOHA) | |
| Source of classification or shelving scheme | |
| Koha item type | Book |
| Withdrawn status | Lost status | Source of classification or shelving scheme | Damaged status | Not for loan | Permanent Location | Current Location | Date acquired | Total Checkouts | Full call number | Barcode | Date last seen | Price effective from | Koha item type |
|---|---|---|---|---|---|---|---|---|---|---|---|---|---|
| Military College of Engineering (MCE) | Military College of Engineering (MCE) | 03/13/2017 | 297.93 NOO | MCE-26831 | 03/13/2017 | 03/13/2017 | Book |
